El nuevo Código de Minería de la República de Chile

Збережено в:
Бібліографічні деталі
Автор: Ravest, José (Автор)
Формат: Книга
Мова:Іспанська
Опубліковано: Santiago Cervantes 1889
Предмети:
Теги: Додати тег
Немає тегів, Будьте першим, хто поставить тег для цього запису!

MARC

LEADER 00000nam a2200000 a 4500
001 UCR1227
003 CL-VaPUC
008 971212e18890000CL |||||||||||||||||spa|d
082 0 4 |a 343.077  |b RAV  |2 21 
100 0 |a Ravest, José  |e author  |9 398223 
245 1 3 |a El nuevo Código de Minería de la República de Chile 
300 |a 144 p 
942 |c BK 
945 |d 19971212 00:00:00  |a cmena 
260 |a Santiago  |b Cervantes  |c 1889 
650 0 |a Derecho minero  |9 257109 
650 0 |a Minas  |9 255522 
650 7 |a LEGISLACION  |2 CL-VaPUC  |9 398224 
650 0 |a Concesiones mineras  |9 256334 
650 7 |a COMPAÑIAS MINERAS  |2 CL-VaPUC  |9 370031 
650 0 |a Contratos mineros  |9 344920 
650 0 |a Propiedad minera   |9 370030 
650 0 |a Salarios  |9 255321 
650 7 |a SERVIDUMBRES MINERAS  |2 CL-VaPUC  |9 398225 
651 7 |a CHILE  |2 CL-VaPUC  |9 398226 
583 |a last modification  |c 19971212 00:00:00  |k Rodrigo Vera 
999 |c 264704  |d 264702 
952 |0 0  |1 0  |2 ddc  |4 0  |5 1  |6 343_077000000000000_RAV_1889  |7 1  |8 C_LRYV  |9 295104  |a FDOBRV  |b BIBDER  |d 2019-11-19  |i 1921835  |o 343.077 RAV 1889  |p 1921835  |r 2023-01-25  |w 2019-11-19  |y BK_X  |k BRV